Los controladores /

Guardado en:
Autor Principal: Meresman, Guillermo Ariel.
Otros Autores: Sosa, Laura; il.
Formato: Libro
Idioma:Undetermined
Publicado: Paraná : Entre Ríos, 1996.
Materias:
Etiquetas: Agregar Etiqueta
Sin Etiquetas, Sea el primero en etiquetar este registro!
LEADER 00664nam a22001935a 4500
001 CEM.cems020213
008 230621s1996####xx############000#0#und#d
005 20230621122815.0
245 1 0 |a Los controladores /  |c Guillermo Ariel Meresman ; ilustrado por Laura Sosa. 
260 |a Paraná :  |b Entre Ríos,  |c 1996. 
300 |a 62 p. 
500 |a Premio Literario Anual Fray Mocho. teatro 1996. Subsecretaría de cultura. Entre Ríos. 
020 |a 950686070X 
100 1 |a Meresman, Guillermo Ariel. 
700 1 |a Sosa, Laura; il. 
653 |a Literatura 
653 |a Literatura Argentina 
653 |a Teatro 
859 |a CEMS  |b BIB. CEMS - 11 de abril  |h A862.4  |i M541  |p 29482.23  |t Ej.1